NFL Pro Bowl Tight Ends 1960s - Statistics

General Stats
  • This quiz has been taken 3 times
  • The average score is 15 of 31
Answer Stats
Year Team Player % Correct
1969 Lions Charlie Sanders
100%
1968 Lions Charlie Sanders
100%
1968 Colts John Mackey
100%
1967 Colts John Mackey
100%
1966 Colts John Mackey
100%
1965 Colts John Mackey
100%
1963 Colts John Mackey
100%
1965 Bears Mike Ditka
100%
1964 Bears Mike Ditka
100%
1963 Bears Mike Ditka
100%
1962 Bears Mike Ditka
100%
1961 Bears Mike Ditka
100%
1969 Cardinals Jackie Smith
50%
1968 Cardinals Jackie Smith
50%
1967 Cardinals Jackie Smith
50%
1966 Cardinals Jackie Smith
50%
1969 Redskins Jerry Smith
50%
1967 Redskins Jerry Smith
50%
1964 Giants Aaron Thomas
0%
1961 Cowboys Dick Bielski
0%
1964 Lions Jim Gibbons
0%
1969 Falcons Jim Mitchell
0%
1963 Cowboys Lee Folkins
0%
1966 Rams Marlin McKeever
0%
1968 Browns Milt Morin
0%
1965 Eagles Pete Retzlaff
0%
1964 Eagles Pete Retzlaff
0%
1963 Eagles Pete Retzlaff
0%
1962 Steelers Preston Carpenter
0%
1962 Rams Red Phillips
0%
1962 Packers Ron Kramer
0%
No matching quizzes found
Score Distribution
Percent of People with Each Score
Percentile by Number Answered
Your Score History
You have not taken this quiz